Trouver les artistes en fonction du groupe de métal/rock - Statistiques

Statistiques générales
  • Ce quiz a été pris 535 fois
  • Le résultat moyen est 9 sur 11
Statistiques - réponses
Question Réponse % Correct
The Beatles John Lennon
100%
Slipknot Joey Jordison
97%
Rammstein Till Lindemann
96%
Metallica Lars Ulrich
90%
SOAD Serj Tankian
90%
Korn Jonathan Davis
86%
Guns N' Roses Slash
86%
Megadeth Dave Mustaine
82%
Led Zeppelin John Paul Jones
76%
Queen John Deacon
62%
The rolling Stones Ronnie Wood
51%
Aucun quiz correspondant
Distribution des résultats
% des personnes avec chaque résultat
Percentile par nombre de réponses
Votre historique - résultats
Vous n’avez pas pris ce quiz